Normal view
MARC view
- جرائم الأموال -- قوانين وتشريعات -- الأردن -- قانون العقوبات -- الأردن
Entry Topical Term
001 - CONTROL NUMBER
- control field: 49871
003 - CONTROL NUMBER IDENTIFIER
- control field: JO-AjAnu
005 - DATE AND TIME OF LATEST TRANSACTION
- control field: 20230606082220.0
008 - FIXED-LENGTH DATA ELEMENTS
- fixed length control field: 230606|| aca||aabn | a|a d
040 ## - CATALOGING SOURCE
- Original cataloging agency: JO-AjAnu
- Transcribing agency: JO-AjAnu
150 ## - HEADING--TOPICAL TERM
- Topical term or geographic name entry element: جرائم الأموال -- قوانين وتشريعات -- الأردن -- قانون العقوبات -- الأردن
670 ## - SOURCE DATA FOUND
- Source citation: Work cat.: (JO-AjAnu)25500: صالح ، نائل عبد الرحمن , author 49870, شرح قانون العقوبات : الجرائم الواقعة على الاموال " القسم الخاص " الجرائم الواقعة على الاموال : جرائم السرقة والاحتيال واساءة الائتمان والملحقة بها